MARC

LEADER 00000nam0a2200000 4500
001 136864
005 20231031140818.0
035 |a (RuTPU)RU\TPU\book\148345 
090 |a 136864 
100 |a 20080429d1966 km y0rusy50 ca 
101 0 |a rus 
102 |a RU 
105 |a a z 001zy 
200 1 |a Методы исследования точности и надежности схем аппаратуры  |f Р. М. Туркельтауб  |g авт. предисл. В. И. Сифоров 
210 |a Москва  |c Энергия  |d 1966  |a Ленинград 
215 |a 160 с.  |c ил. 
225 1 |a Библиотека по автоматике  |v Вып. 198 
320 |a Библиогр.: с. 157-160. 
610 1 |a электронные схемы 
610 1 |a надежность 
610 1 |a исследование 
610 1 |a точность 
610 1 |a теоретические вопросы 
610 1 |a количественный анализ 
610 1 |a синтез схем 
610 1 |a Монте-Карло метод 
675 |a 621.385  |v 3 
700 1 |a Туркельтауб  |b Р. М.  |g Револьт Маркович 
702 1 |a Сифоров  |b В. И.  |4 080 
801 1 |a RU  |b 63413507  |c 20080429  |g PSBO 
801 2 |a RU  |b 63413507  |c 20220519  |g PSBO 
942 |c BK